000 01644nam a22002417a 4500
005 20230721144521.0
008 230721b ||||| |||| 00| 0 eng d
020 _a9788189059545
040 _cAL
041 _aEnglish
082 _223
_a305.800954
_bZELA
100 _aEleanor Zelliot
_9128061
245 _aAmbedkars World: The Making of Babasaheb and the Dalit Movement
260 _aNew Delhi
_bNavayana Publications
_c2004
300 _a303 p.
_bPB
_c21.5x14 cm.
365 _aBLCR-000023
_b319.00
_c
_d399.00
_e20%
_f11-07-2023
520 _aThis is a classic monograph on the mahar movement in western india it documents the social and political forces that shaped bhimrao ramji ambedkar (1891 56), the greatest leader of dalits, and the manner in which ambedkar shaped the destiny of the dalits of maharashtra and india zelliot chronicles the movement from its origins with the first mahar petition in 1890 till its culmination in the mass conversion to buddhism in 1956 she describes the defining influences of the pre-ambedkar leadership, the mahar army tradition, the cult of cokhamela, the mahad satyagraha, the temple-entry movements, the various newspapers ambedkar edited, the round table conferences, and the political parties ambedkar founded using a wide array of primary sources, she offers a rich history of one of modern india s most defining movements in its scope and depth as a single-caste history, ambedkar s world remains as yet unsurpassed.
650 _aMahars
_9128062
650 _aDalits
_9128063
650 _aPolitics and government
_9128064
700 _aZELLIOT (Eleanor)
_9128065
942 _2ddc
_cBK
999 _c228047
_d228047